[Event "Cuiaba Contaud op"]
[Site "Cuiaba"]
[Date "2015.08.01"]
[Round "3"]
[White "Rodrigues de Rosa, Petrus"]
[Black "Silva, Alex Castro"]
[Result "0-1"]
[WhiteElo "2083"]
[BlackElo "1834"]
[PlyCount "91"]
[EventDate "2015.07.31"]
[EventType "swiss"]
[EventRounds "6"]
[EventCountry "BRA"]
[SourceTitle "EXT 2016"]
[Source "ChessBase"]
[SourceDate "2015.10.08"]
[SourceVersion "1"]
[SourceVersionDate "2015.10.08"]
[SourceQuality "1"]

1. e4 e6 2. d4 d5 3. Nd2 Be7 4. Bd3 dxe4 5. Nxe4 Nd7 6. Nf3 Ngf6 7. Nxf6+ Nxf6 8. Bg5 h6 9. Bh4 b6 10. Bb5+ Bd7 11. Bd3 Bc6 12. Qe2 Qd5 13. Ne5 Bb7 14. Bb5+ c6 15. Bc4 Qxg2 16. 0-0-0 Qe4 17. Rhe1 Qxe2 18. Rxe2 b5 19. Bb3 a5 20. a3 a4 21. Ba2 b4 22. axb4 a3 23. bxa3 Rxa3 24. Kb2 Bxb4 25. Bb3 g5 26. Nc4 Ra7 27. Bg3 Nd5 28. Rd3 Ba6 29. c3 Ba3+ 30. Kc2 Bxc4 31. Bxc4 Kd7 32. Re1 Rb7 33. Rb1 Rxb1 34. Kxb1 h5 35. h3 Bd6 36. Kc2 h4 37. Bxd6 Kxd6 38. Rd1 Nf4 39. Rh1 c5 40. Kd2 cxd4 41. cxd4 Ra8 42. Bb3 Ra3 43. Kc2 Ra5 44. Kd2 Rb5 45. Kc3 Rf5 46. Bc2 0-1

[Event "Cuiaba Contaud op"]
[Site "Cuiaba"]
[Date "2015.07.31"]
[Round "2"]
[White "Delgado Ramirez, Neuris"]
[Black "Rodrigues de Rosa, Petrus"]
[Result "1-0"]
[WhiteElo "2604"]
[BlackElo "2083"]
[PlyCount "51"]
[EventDate "2015.07.31"]
[EventType "swiss"]
[EventRounds "6"]
[EventCountry "BRA"]
[SourceTitle "EXT 2016"]
[Source "ChessBase"]
[SourceDate "2015.10.08"]
[SourceVersion "1"]
[SourceVersionDate "2015.10.08"]
[SourceQuality "1"]

1. e4 e5 2. Nf3 Nc6 3. d4 exd4 4. Nxd4 Bb4+ 5. c3 Bc5 6. Be3 Qf6 7. Nd2 Nge7 8. N2b3 Bb6 9. Qf3 Qxf3 10. gxf3 Nxd4 11. Nxd4 Nc6 12. Rg1 Nxd4 13. cxd4 g6 14. 0-0-0 0-0 15. h4 d5 16. exd5 Bf5 17. h5 Kh8 18. hxg6 Bxg6 19. Bc4 Rfe8 20. Bf4 Kg7 21. Rh1 Rad8 22. Bh6+ Kh8 23. Bg5 Rd6 24. Bf4 Rdd8 25. Be5+ Kg8 26. f4 1-0